五大栄養素クイズ - Statistics

General Stats
  • This quiz has been taken 155 times
  • The average score is 4 of 5
Answer Stats
栄養素 含まれるもの(例) 役割 % Correct
タンパク質 肉・魚 筋肉や皮膚などの材料になる。
98%
脂質 バター・牛脂 細胞膜やホルモンの材料。また、エネルギーになることもある。
92%
ビタミン 果物・野菜 体の調子を整える。人間の体内ではほとんど合成できない。
92%
炭水化物 白米・パン 体を動かすエネルギーになる。
91%
ミネラル 海藻・乳製品 体の調子を整える。また、骨や血液の材料となるものもある。
76%
No matching quizzes found
Score Distribution
Percent of People with Each Score
Percentile by Number Answered
Your Score History
You have not taken this quiz